Fleuves d'Europe sur une carte - Statistiques

Statistiques générales
  • Ce quiz a été pris 29 635 fois
  • Le résultat moyen est 10 sur 20
Réponses sur la Carte
Les réponses sont colorées sur une échelle allant du rouge au vert en fonction du pourcentage des utilisateurs qui les ont devinées à leur premier essai. Vous pouvez retrouver ces pourcentages ci-dessous.
 
Statistiques - réponses
Fleuve % Correct
Seine
97%
Rhin
93%
Rhône
93%
Loire
92%
Danube
84%
Garonne
81%
Tamise
79%
Volga
58%
46%
Tibre
42%
Dniepr
31%
Elbe
31%
Tage
28%
Vistule
23%
Don
21%
Èbre
21%
Douro
18%
Dniestr
13%
Severn
8%
Glomma
5%
Aucun quiz correspondant
Distribution des résultats
% des personnes avec chaque résultat
Percentile par nombre de réponses
Votre historique - résultats
Vous n’avez pas pris ce quiz